[Event "80th ch-GER"]
[Site "Saarbruecken GER"]
[Date "2009.02.12"]
[Round "7"]
[White "Hirneise,T"]
[Black "Deglmann,L"]
[Result "1/2-1/2"]
[WhiteElo "2426"]
[BlackElo "2325"]

1.e4 g6 2.d4 Bg7 3.Nc3 d5 4.exd5 Nf6 5.Bc4 Nbd7 6.Bg5 Nb6 7.Bxf6 Bxf6 8.Bb3 a5
9.a3 a4 10.Ba2 O-O 11.Nge2 c6 12.dxc6 bxc6 13.O-O Ba6 14.Re1 Nc4 15.Nxa4 Nxa3
16.Bxf7+ Rxf7 17.Rxa3 Bxe2 18.Rxe2 Bxd4 19.Qd3 Qd6 20.Nc3 Rxa3 21.bxa3 Qxa3
22.Qxd4 Qa1+ 23.Qd1 Qxc3 24.h3 Qc5 25.Qd7 Kg7 26.Qe6 Qd6 27.g3 Kf8 28.Qc8+ Kg7
29.Qe6 Kf8 30.Qc8+ Kg7 31.Qe6  1/2-1/2

[Event "Open"]
[Site "Reykjavik ISL"]
[Date "2009.03.24"]
[Round "1"]
[White "Leon Hoyos,M"]
[Black "Olafsson,Thorv"]
[Result "1-0"]
[WhiteElo "2542"]
[BlackElo "2182"]

1.d4 g6 2.e4 Bg7 3.Nc3 c5 4.dxc5 Qa5 5.Bd2 Qxc5 6.Nd5 Na6 7.Nf3 e6 8.Bc3 Bxc3+
9.Nxc3 Nc7 10.Qd2 b5 11.O-O-O a6 12.e5 f5 13.a3 h6 14.Qd6 Qc6 15.Nd4 Qxd6
16.exd6 Nd5 17.Nxd5 exd5 18.Ne2 Bb7 19.Nf4 Kf7 20.Nxd5 Bxd5 21.Rxd5 Nf6 22.Rd4 Rhe8
23.f3 Rac8 24.a4 Re5 25.axb5 axb5 26.Bd3 Rcc5 27.Rd1 Red5 28.Rxd5 Nxd5 29.Re1 Kf6
30.Kd2 b4 31.g4 Rc6 32.gxf5 gxf5 33.Re8 Rxd6 34.Rf8+ Kg7 35.Rxf5 Ne7 36.Rf4 Nc6
37.Ke3 Re6+ 38.Re4 Kf6 39.Bb5 Rxe4+ 40.Kxe4 Ne5 41.f4 Ng4 42.h3 Nf2+ 43.Ke3 Nd1+
44.Kd2  1-0

[Event "Open A"]
[Site "Zagreb CRO"]
[Date "2009.03.25"]
[Round "5"]
[White "Zelic,Ml"]
[Black "Plenkovic,Z"]
[Result "1/2-1/2"]
[WhiteElo "2318"]
[BlackElo "2354"]

1.e4 g6 2.d4 Bg7 3.Nc3 c5 4.dxc5 Bxc3+ 5.bxc3 Qa5 6.Ne2 Nc6 7.Be3 Nf6 8.f3 b6
9.cxb6 O-O 10.Qd2 axb6 11.Nd4 Qa3 12.Bd3 Ba6 13.O-O Ne5 14.Rfb1 Rfc8 15.Nb5 Qa5
16.Bd4 d6 17.a4 Ned7 18.Rb4 e5 19.Be3 Rc6 20.Rab1 h5 21.Bc4 Rac8 22.Bd5 Bxb5
23.Rxb5 Qxa4 24.Bxc6 Rxc6 25.Bg5 Ne8 26.Bd8 Qc4 27.Bxb6 Qxc3 28.Qxc3 Rxc3
29.R1b2 f6 30.Kf2 Kf7 31.Ba5 Rc4 32.Ke3 Ke6 33.c3 f5 34.Bb4 fxe4 35.Rd2 exf3
36.gxf3 g5 37.Ra5 Ndf6 38.Rg2 Kf5 39.Ra8 Rf4 40.Rb8 d5 41.Be7 Rc4 42.Bxf6 Nxf6
43.Kd3 Rh4 44.Rf8 Kg6 45.Rd8 Rh3 46.Ke2 g4 47.fxg4 hxg4 48.Rd6 Kg5 49.Rc6 Ne4
50.Rc8 Nxc3+ 51.Ke1 Ne4 52.Rg8+ Kf5 53.R8xg4 Rxh2 54.Rxh2 Kxg4 55.Ke2 Ng3+
56.Kf2 Nf5 57.Rh8 Kf4 58.Ke2 Ke4 59.Rg8 Ne3 60.Rh8 d4 61.Rh4+ Kd5 62.Rh8 Nf5
63.Rf8 Ke4 64.Rg8 Nd6 65.Rd8 Nb5 66.Kd2 Nc3 67.Rf8 Nd5 68.Rd8 Nf4 69.Re8 d3
70.Re7 Kd4 71.Rd7+ Nd5 72.Rxd5+  1/2-1/2

[Event "TCh-HUN 2008-9"]
[Site "Budapest HUN"]
[Date "2009.04.05"]
[Round "10"]
[White "Farago,S"]
[Black "Gara,A"]
[Result "1-0"]
[WhiteElo "2251"]
[BlackElo "2312"]

1.e4 g6 2.d4 Bg7 3.Nc3 Nc6 4.Be3 d5 5.exd5 Nb4 6.Bb5+ Bd7 7.Bc4 Bf5 8.Bb3 Nf6
9.Qd2 O-O 10.Nf3 a5 11.a3 Nbxd5 12.Nxd5 Nxd5 13.Bh6 a4 14.Ba2 Qd6 15.Bxg7 Kxg7
16.c4 Nf6 17.O-O-O c5 18.Rhe1 Rfc8 19.h3 h5 20.d5 b5 21.Qe3 Qb6 22.Ne5 Rc7
23.cxb5 Qxb5 24.Bc4 Qb6 25.f3 h4 26.Nxf7 Rb7 27.Qe5 Rab8 28.Re2 Kxf7 29.d6+ Kg7
30.dxe7 Rd7 31.Rxd7 Bxd7 32.Rd2 Kh6 33.Rd6 Qc7 34.Qxf6 Bf5 35.Qxh4+ Kg7 36.Rd8  1-0

[Event "47th Doeberl Cup Premier"]
[Site "Canberra AUS"]
[Date "2009.04.09"]
[Round "2"]
[White "Xie,G"]
[Black "Bennett,H"]
[Result "1-0"]
[WhiteElo "2402"]
[BlackElo "2028"]

1.e4 g6 2.d4 Bg7 3.Nc3 d5 4.exd5 Nf6 5.Bb5+ Nbd7 6.Nge2 a6 7.Bxd7+ Qxd7 8.Nf4 b5
9.Qf3 Bb7 10.Nd3 Bxd5 11.Nxd5 Qxd5 12.Qxd5 Nxd5 13.c3 O-O 14.Be3 Rfe8 15.a4 e5
16.dxe5 Nxe3 17.fxe3 Bxe5 18.Kd2 Rad8 19.axb5 axb5 20.Ra5 b4 21.Ke2 Bd6 22.cxb4 Re4
23.Kf3 Rde8 24.Re1 Rxb4 25.Rd5 Rb3 26.Re2 f5 27.h3 Kf7 28.Rd4 Reb8 29.g4 fxg4+
30.hxg4 Kg7 31.Kg2 Re8 32.e4 Rb5 33.e5 Be7 34.Rd7 c5 35.Nf4 Kf7 36.e6+ Kf8
37.Nd5 Bd8  1-0

[Event "ArcelorMittal Open"]
[Site "Frydek Mistek CZE"]
[Date "2009.04.10"]
[Round "4"]
[White "Weissmann,L"]
[Black "Jacko,V2"]
[Result "1/2-1/2"]
[WhiteElo "2146"]
[BlackElo "2032"]

1.Nc3 g6 2.e4 Bg7 3.d4 c5 4.Nf3 cxd4 5.Nxd4 Nc6 6.Be3 Nf6 7.Bc4 Qa5 8.O-O O-O
9.Bb3 d6 10.f3 Bd7 11.Qd2 Rfe8 12.Rad1 Rac8 13.Nxc6 Bxc6 14.Bd4 Nd7 15.Bxg7 Kxg7
16.Qf4 Ne5 17.Kh1 b5 18.Qe3 b4 19.Nd5 Bb5 20.Rf2 Bc4 21.h3 e6 22.Nf4 Qc5
23.Qxc5 dxc5 24.Rfd2 g5 25.Nd3 Bxd3 26.cxd3 Red8 27.d4 cxd4 28.Rxd4 Rxd4
29.Rxd4 a5 30.Kg1 Rc1+ 31.Kf2 Nc6 32.Rc4 Rxc4 33.Bxc4 Kf6 34.Ke3 Ke5 35.g3 f6
36.f4+ Kd6 37.Bb5 Ne7 38.Kd4 Ng6 39.Ke3 gxf4+ 40.gxf4 e5 41.fxe5+ Kxe5 42.Bd7 Nf4
43.Bf5 h6 44.a3 h5 45.axb4 axb4 46.Bc8 Ng6 47.Kd3 Ne7 48.Bd7 h4 49.Kc4 Kxe4
50.Kxb4 Kd5 51.Kc3 f5 52.Kd3 Kd6 53.Bb5 Kc5 54.Ba6 Nd5 55.Bc8 Nf4+ 56.Ke3 Nxh3
57.Bxf5 Ng5 58.Kf4 Nf7 59.Be6 Nd6  1/2-1/2

[Event "47th Doeberl Cup Premier"]
[Site "Canberra AUS"]
[Date "2009.04.12"]
[Round "8"]
[White "Flitney,A"]
[Black "Bennett,H"]
[Result "1/2-1/2"]
[WhiteElo "1980"]
[BlackElo "2028"]

1.e4 g6 2.d4 Bg7 3.Nc3 d5 4.exd5 Nf6 5.Bb5+ Nbd7 6.Nf3 O-O 7.Bg5 Nb6 8.Qd2 Nbxd5
9.Nxd5 Qxd5 10.c4 Qe6+ 11.Qe2 c6 12.Ba4 Qxe2+ 13.Kxe2 Ne4 14.Be3 Be6 15.Bb3 Rfd8
16.Rhd1 a5 17.c5 Bd5 18.Bxd5 Rxd5 19.Nd2 Nxd2 20.Rxd2 h5 21.Rc1 Rad8 22.Rc4 e5
23.dxe5 Bxe5 24.b3 Rxd2+ 25.Bxd2 Rd4 26.Rxd4 Bxd4 27.Bxa5 Bxc5 28.f3  1/2-1/2

[Event "11th European Senior Team"]
[Site "Velden AUT"]
[Date "2009.04.12"]
[Round "8"]
[White "Aaltio,E"]
[Black "Hottes,D"]
[Result "1-0"]
[WhiteElo "2100"]
[BlackElo "2163"]

1.d4 g6 2.e4 Bg7 3.Nc3 a6 4.Be3 d6 5.Qd2 Nd7 6.f4 b5 7.a3 Ngf6 8.Nf3 Bb7
9.e5 Nd5 10.Nxd5 Bxd5 11.Be2 e6 12.O-O O-O 13.b3 Nb6 14.Rac1 Qd7 15.c4 bxc4
16.bxc4 Bc6 17.exd6 Nc8 18.dxc7 Qxc7 19.Ne5 Bb7 20.Bf3 Bxf3 21.Nxf3 Nd6 22.c5 Nf5
23.Bf2 Bh6 24.g3 Rfd8 25.Qc3 Bg7 26.Rfd1 Rac8 27.Qc4 Qc6 28.Ne5 Qa8 29.Re1 h5
30.h3 Ne7 31.Nxf7 Rd5 32.Ng5  1-0

[Event "11th European Senior Team"]
[Site "Velden AUT"]
[Date "2009.04.13"]
[Round "9"]
[White "Jansa,Vl"]
[Black "Tseshkovsky,V"]
[Result "1/2-1/2"]
[WhiteElo "2480"]
[BlackElo "2554"]

1.e4 g6 2.d4 Bg7 3.Nc3 a6 4.Be3 b5 5.Qd2 Bb7 6.Bd3 d6 7.Nf3 Nd7 8.O-O c5
9.Rfe1 cxd4 10.Bxd4 Bxd4 11.Nxd4 Ngf6 12.b4 O-O 13.a4 bxa4 14.Nxa4 Ne5 15.Nb3 Bc6
16.Na5 Qc7 17.g4  1/2-1/2

[Event "TCh-HUN 2008-9"]
[Site "Budapest HUN"]
[Date "2009.04.18"]
[Round "11"]
[White "Parkanyi,A"]
[Black "Mihok,O"]
[Result "1/2-1/2"]
[WhiteElo "2361"]
[BlackElo "2345"]

1.e4 g6 2.Nc3 Bg7 3.d4 Nc6 4.d5 Nd4 5.Nf3 c5 6.h3 d6 7.Nxd4 cxd4 8.Nb1 Qa5+
9.Nd2 f5 10.Bd3 fxe4 11.Bxe4 Nf6 12.Bf3 Nxd5 13.O-O Be6 14.Re1 Bf7 15.Nb3 Qb6
16.c3 O-O 17.Nxd4 e5 18.Nb3 Nf6 19.Bg5 Kh8 20.g3 Rae8 21.Bg2 d5 22.Be3 Qc7
23.Nd2 Bg8 24.Nf3 Nd7 25.Qa4 b6 26.Rad1 Nc5 27.Qc2 e4 28.Nd4 Nd3 29.Rxd3 exd3
30.Qxd3 Qc4 31.Qb1 Be6 32.g4 Bg8 33.a3 Qc7 34.Qc1 Be5 35.Qd2 Bh2+ 36.Kh1 Be5
37.Nf3 Bg7 38.Rd1 Be6 39.Nd4 Bg8 40.Nf3 Qc4  1/2-1/2

[Event "16th ch-Asian Cities Dubai Cup"]
[Site "Beirut LIB"]
[Date "2009.04.20"]
[Round "6"]
[White "Kassis,A LIB"]
[Black "Elbaba,E"]
[Result "1/2-1/2"]
[WhiteElo "2239"]
[BlackElo "2185"]

1.e4 g6 2.d4 Bg7 3.Nc3 c5 4.dxc5 Qa5 5.Bd2 Qxc5 6.Nd5 Na6 7.c3 e6 8.b4 Qf8
9.Bxa6 exd5 10.Bd3 dxe4 11.Bxe4 Qe7 12.Qe2 Nf6 13.Bf3 Qxe2+ 14.Nxe2 O-O 15.O-O d5
16.Rfd1 Ne4 17.Be1 Be6 18.Nd4 Nd6 19.Rac1 Rac8 20.a4 Nc4 21.Rb1 Rfd8 22.g3 h5
23.Bg2 Kf8 24.h3 Bh6 25.f4 h4 26.g4 Bxf4 27.Bxh4 g5 28.Bf2 a6 29.Rd3 Ne5
30.Rdd1 Rxc3 31.Ne2 Ra3 32.Nxf4 gxf4 33.a5 Nc4 34.Rd4 f3 35.Bf1 Rc8 36.Rd3 Rxd3
37.Bxd3 Ne5 38.Bf1 Rc2 39.b5 Nc4 40.bxa6 bxa6 41.Bd4 Ke7 42.Rb3 Nxa5 43.Ra3 Nc4
44.Rxa6 Rd2 45.Bf2 d4 46.Ra1 Kd6 47.Bxc4 Bxc4 48.h4 Be6 49.g5 Bg4 50.g6 fxg6
51.Ra6+ Kd5 52.Rxg6 Bf5 53.Rg8 Ra2 54.Rd8+ Ke6 55.Rxd4 Ke5  1/2-1/2

[Event "Open"]
[Site "Thessaloniki GRE"]
[Date "2009.05.02"]
[Round "7"]
[White "Burtasova,A"]
[Black "Okun,L"]
[Result "1-0"]
[WhiteElo "2299"]
[BlackElo "2272"]

1.e4 g6 2.d4 Bg7 3.Nc3 c5 4.Be3 Qa5 5.Nf3 Nf6 6.e5 Ng4 7.Bc4 O-O 8.O-O cxd4
9.Bxd4 Nc6 10.Nd5 e6 11.Nf6+ Nxf6 12.exf6 Bh8 13.Bc3 Qd8 14.Qd2 Bxf6 15.Qh6 e5
16.Rad1 Qe7 17.b4 a6 18.a4 d6 19.b5 axb5 20.axb5 Na5 21.Bxa5 Rxa5 22.Qd2 Ra3
23.Qb4 Rxf3 24.gxf3 Rd8 25.Rfe1 Bg5 26.Bd5 Qf6 27.Kf1 Bf4 28.b6 Bxh2 29.Ke2 Bf4
30.Rh1 h5 31.Rdg1 h4 32.Qc4 Kg7 33.Qc7 Re8 34.Be4 Kg8 35.Rd1 Rd8 36.Bxb7 Bxb7
37.Qxb7 e4 38.Qxe4 g5 39.b7 Rb8 40.Rb1 Qc3 41.Kf1 Qc5 42.c4 Qc7 43.Kg2 Qd7
44.Rhe1 h3+ 45.Kh1 Kg7 46.Qd5 Qc7 47.Rb5 Kg8 48.Ra1 Qe7 49.Qe4 Qf6 50.Ra8 Kg7
51.Rxb8 d5 52.Rg8+ Kh6 53.Rb6  1-0

[Event "2nd Mayors Cup"]
[Site "Mumbai IND"]
[Date "2009.05.07"]
[Round "8"]
[White "Das,Arg"]
[Black "Joshi,P"]
[Result "1/2-1/2"]
[WhiteElo "2424"]
[BlackElo "2292"]

1.e4 g6 2.d4 Bg7 3.Nc3 c5 4.dxc5 Bxc3+ 5.bxc3 Qa5 6.Bd2 Nf6 7.Bd3 Qxc5 8.Nf3 d6
9.O-O O-O 10.Qe2 Nc6 11.h3 Nd7 12.Kh1 Nde5 13.Nxe5 Nxe5 14.f4 Nxd3 15.cxd3 f5
16.Be3 Qc7 17.Rac1 b6 18.exf5 Rxf5 19.c4 Bb7 20.Kg1  1/2-1/2

[Event "Copenhagen Chess Challenge"]
[Site "Ballerup DEN"]
[Date "2009.05.10"]
[Round "9"]
[White "Feuerstack,A"]
[Black "Veng,J"]
[Result "1/2-1/2"]
[WhiteElo "2345"]
[BlackElo "2240"]

1.e4 g6 2.d4 Bg7 3.Nc3 Nc6 4.d5 Nb8 5.h4 d6 6.h5 c6 7.Qf3 Nd7 8.hxg6 hxg6
9.Rxh8 Bxh8 10.Qh3 Bg7 11.dxc6 bxc6 12.Qh7 Kf8 13.Bc4 Ne5 14.Bb3 a5 15.Nge2 Bg4
16.Qh4  1/2-1/2

[Event "12th IHEM"]
[Site "Hamburg GER"]
[Date "2009.06.06"]
[Round "8"]
[White "Parligras,M"]
[Black "Fries Nielsen,JO"]
[Result "1-0"]
[WhiteElo "2586"]
[BlackElo "2403"]

1.e4 g6 2.d4 Bg7 3.Nc3 Nc6 4.Nge2 d6 5.Be3 Nf6 6.f3 Nd7 7.Qd2 Nb6 8.b3 f5
9.exf5 Bxf5 10.Ng3 Bd7 11.a4 Nb4 12.a5 N6d5 13.Nxd5 Nxd5 14.Bh6 Bxh6 15.Qxh6 e6
16.Qg7 Qf6 17.Qxf6 Nxf6 18.c4 O-O 19.Kd2 Kg7 20.Bd3 Rab8 21.Rhe1 Rfe8 22.b4 Rbd8
23.b5 Bc8 24.Kc3 Nd7 25.f4 Nf6 26.Ra2 c6 27.b6 a6 28.Ne4 Nxe4+ 29.Bxe4 d5
30.Bd3 Rf8 31.g3 dxc4 32.Bxc4 Rd6 33.Re5 Rfd8 34.Rd2 Kf6 35.Bb3 Kg7 36.h4 Rf8
37.Rde2 Rf5 38.R2e4 Rxe5 39.dxe5 Rd8 40.Rd4 Rxd4 41.Kxd4 Kf7 42.Kc5 Ke7 43.Bc4 Kd7
44.Bd3 Ke7 45.Bxa6 bxa6 46.Kxc6  1-0

[Event "13th FIDE Open"]
[Site "Voronezh RUS"]
[Date "2009.06.12"]
[Round "1"]
[White "Testova,V"]
[Black "Zhurikhin,A"]
[Result "0-1"]
[WhiteElo "1769"]
[BlackElo "2134"]

1.e4 g6 2.d4 Bg7 3.Nc3 a6 4.Bg5 b5 5.a3 d6 6.f4 Nd7 7.Nf3 c5 8.Qd2 Bb7 9.Be2 cxd4
10.Nxd4 Qb6 11.Rd1 Ngf6 12.Bxf6 Nxf6 13.e5 dxe5 14.fxe5 Ne4 15.Nxe4 Bxe4
16.Qg5 O-O 17.O-O Bxc2 18.Rd2 Rad8 19.Kh1 Rxd4 20.Rxc2 e6 21.Rfc1 Re4 22.Bf3 Rxe5
23.Qg3 Qe3 24.h3 Rg5 25.Qd6 Be5 26.Qxa6  0-1

[Event "zt 2.5 w"]
[Site "Asuncion PAR"]
[Date "2009.06.15"]
[Round "8"]
[White "Nejanky,M"]
[Black "Plazaola,M"]
[Result "1/2-1/2"]
[WhiteElo "2100"]
[BlackElo "2160"]

1.e4 g6 2.d4 Bg7 3.Nc3 c5 4.Nf3 cxd4 5.Nxd4 Nc6 6.Be3 Nf6 7.Nxc6 bxc6 8.e5 Ng8
9.f4 Nh6 10.Bc4 O-O 11.O-O Nf5 12.Bf2 d6 13.Qe2 dxe5 14.fxe5 Rb8 15.Rad1 Qc7
16.Rfe1 Kh8 17.g4 Nh6 18.h3 Be6 19.Bb3 Rb4 20.Bxe6 fxe6 21.b3 Nf7 22.a3 Nxe5
23.Bg3 Rbf4 24.Bxf4 Rxf4 25.Rf1 g5 26.Ne4 Ng6 27.Nxg5 Rxf1+ 28.Rxf1 Qg3+
29.Kh1 Bf6 30.Qf3 Qxf3+ 31.Nxf3 Nf4 32.g5 Bb2 33.h4 Nd5 34.a4 Bc3 35.Rf2 Kg7
36.Re2 Nc7 37.Ne5 c5 38.Nd3 Bd4 39.Kg2 Kg6 40.Kg3 Kf5 41.Re1 e5 42.Rf1+ Kg6
43.Kg4 Nd5 44.h5+ Kg7 45.Rc1 e4 46.Ne1 Bb2 47.Rb1 Bc3 48.Kf5 Bd2 49.Ng2 e3
50.Ke6 Nc3 51.Rf1 e2 52.Rf7+ Kg8 53.Rxe7 Bxg5 54.Re8+ Kg7 55.Kf5 Bd2 56.Kg4 Kf7
57.Re5 h6 58.Kf3 Kf6 59.Re8 Kf7 60.Re5 Kf6 61.Re8 Kf7 62.Re5  1/2-1/2

[Event "Oceania Zonal"]
[Site "Gold Coast AUS"]
[Date "2009.06.21"]
[Round "3"]
[White "Ford,D"]
[Black "Bennett,H"]
[Result "1/2-1/2"]
[WhiteElo "1792"]
[BlackElo "2028"]

1.e4 g6 2.d4 Bg7 3.Nc3 d5 4.exd5 Nf6 5.Bb5+ Nbd7 6.Nf3 O-O 7.O-O Nb6 8.Bd3 Nbxd5
9.Nxd5 Nxd5 10.c3 Bg4 11.h3 Bxf3 12.Qxf3 c6 13.Re1 Qc7 14.Bg5 e5 15.dxe5 Bxe5
16.Bc4 Nb6 17.Bb3 Rae8 18.Re2 Bg7 19.Rae1 Rxe2 20.Rxe2 Nc8 21.Re4 Qd7 22.Qe3 Qf5
23.g4 Qd7 24.Kg2 Kh8 25.f3 f6 26.Be6 Qd1 27.Bxc8 fxg5 28.Bxb7 h5 29.Re8 h4
30.Rxf8+ Bxf8 31.Bxc6 Qc2+ 32.Qf2 Qc1 33.Be4 Qf4 34.Qd4+ Bg7 35.Qf2 Be5 36.Bxg6 Qh2+
37.Kf1 Qh1+ 38.Ke2 Qc1 39.Qe3 Qxb2+ 40.Qd2 Qb5+ 41.Bd3 Qe8 42.Kf2 Bf4 43.Qe2 Qxe2+
44.Kxe2 Kg7 45.Be4 Kf6 46.Kd3 Ke5 47.Ke2 Kd6  1/2-1/2

[Event "Open Duras BVK FIDE"]
[Site "Brno CZE"]
[Date "2009.06.26"]
[Round "1"]
[White "Balkova,A"]
[Black "Kratochvil,K"]
[Result "0-1"]
[WhiteElo "1866"]
[BlackElo "2113"]

1.e4 g6 2.d4 Bg7 3.Nc3 c5 4.Be3 cxd4 5.Bxd4 e5 6.Bc5 Ne7 7.Nf3 Nbc6 8.Bb5 O-O
9.Bxc6 bxc6 10.Qd6 Re8 11.Rd1 Nf5 12.Qd2 Nh4 13.Nxh4 Qxh4 14.Qe3 f5 15.Qg3 Qf6
16.O-O f4 17.Qf3 g5 18.Rd6 Qf7 19.Qg4 Bf8 20.Qxg5+ Qg7 21.Qh5 Ba6 22.Rfd1 Bxd6
23.Rxd6 Bc4 24.Qd1 Be6 25.Qd3 Kh8 26.h3 Rg8 27.Qf3 Rad8 28.b3 Bf7  0-1

[Event "Summer Candidates"]
[Site "Aarhus DEN"]
[Date "2009.07.10"]
[Round "3"]
[White "Rewitz,P"]
[Black "Grove,P"]
[Result "1-0"]
[WhiteElo "2234"]
[BlackElo "2149"]

1.d4 g6 2.e4 Bg7 3.Nc3 c5 4.d5 d6 5.Nf3 Nf6 6.Be2 O-O 7.O-O Na6 8.a4 Nc7
9.Nd2 e6 10.Nc4 Nxe4 11.Nxe4 exd5 12.Nexd6 dxc4 13.Bxc4 Be6 14.Ra3 Bxc4 15.Nxc4 Qh4
16.f4 Rfe8 17.Rd3 b6 18.g3 Qe7 19.c3 Red8 20.Rff3 Ne6 21.Kf2 Qb7 22.f5 gxf5
23.Nd6 Qc6 24.Nxf5 Bf8 25.Bh6 c4 26.Bxf8 Kxf8 27.Rd6 Qc5+ 28.Kf1 Qe5 29.Qe2 Qxe2+
30.Kxe2 Nc5 31.Rf4 Re8+ 32.Kf1 Nxa4 33.Rh6 Re6 34.Rxh7 Rg6 35.Nh6 Rxh6 36.Rxh6 Kg7
37.Rhf6 Nxb2 38.Rxf7+ Kg8 39.R7f5 Kg7 40.Rg4+ Kh6 41.Rf6+ Kh7 42.Ke2  1-0

[Event "Najdorf Mem Open"]
[Site "Warsaw POL"]
[Date "2009.07.21"]
[Round "4"]
[White "Skawinski,A"]
[Black "Kosiorek,M"]
[Result "1-0"]
[WhiteElo "2153"]
[BlackElo "2362"]

1.e4 g6 2.d4 Bg7 3.Nc3 c5 4.dxc5 Qa5 5.Bd2 Qxc5 6.Nd5 Na6 7.Bxa6 bxa6 8.Nf3 Bb7
9.Bb4 Qc4 10.Nd2 Qc8 11.O-O Bxd5 12.exd5 Qb7 13.c3 Nf6 14.Re1 Nxd5 15.Nc4 O-O-O
16.Bxe7 Qc6 17.Na5 Qa8 18.Bxd8 Rxd8 19.Qf3 f5 20.Rad1 Nc7 21.Qd3 d5 22.Re7 Rd7
23.Rde1 Bf6 24.R7e2 Rd6 25.Qh3 Rd7 26.Qh6 Rf7 27.Qe3 Qb8 28.Nc6 Qb6 29.Nd4 Kb7
30.Qd2 Qa5 31.a3 Na8 32.Ne6 Nb6 33.b4 Qxa3 34.Nc5+ Kc8 35.Re8+ Kc7 36.Qd3 f4
37.Nxa6+ Kc6 38.R1e6+  1-0

[Event "17th Open"]
[Site "Saint Affrique FRA"]
[Date "2009.07.24"]
[Round "8"]
[White "Bissieres,M"]
[Black "Garrido,De"]
[Result "1-0"]
[WhiteElo "2300"]
[BlackElo "2321"]

1.e4 g6 2.d4 Bg7 3.Nc3 c5 4.Be3 cxd4 5.Bxd4 Nf6 6.Nd5 O-O 7.Nf3 Nc6 8.Bxf6 exf6
9.Be2 Re8 10.Qd3 d6 11.O-O-O f5 12.exf5 Bxf5 13.Qd2 Rc8 14.Rhe1 Ne5 15.Nd4 Be4
16.Nc3 Bxg2 17.Ndb5 Qh4 18.Kb1 Red8 19.Nxd6 Rb8 20.Qe3 Qxh2 21.f4 Nc6 22.Bc4 Rxd6
23.Rxd6 Qh3 24.Qd2 Qh4 25.Rd7 Rf8 26.a3 Bh3 27.Rxb7 Bh6 28.Rh1 Na5 29.Rb4 Nxc4
30.Rxc4 Re8 31.Nd5 Bg7 32.Rc3  1-0

[Event "ch-AUT"]
[Site "Jenbach AUT"]
[Date "2009.07.27"]
[Round "3"]
[White "Hofmann,T"]
[Black "Wiedermann,D"]
[Result "1/2-1/2"]
[WhiteElo "2022"]
[BlackElo "2151"]

1.e4 g6 2.d4 Bg7 3.Nc3 a6 4.Bg5 b5 5.a4 b4 6.Nd5 a5 7.Qd2 h6 8.Bh4 c6 9.Ne3 d6
10.c3 bxc3 11.bxc3 Nd7 12.Bd3 Ngf6 13.Ne2 Ba6 14.O-O Bxd3 15.Qxd3 O-O 16.f4 d5
17.e5 Ne4 18.f5 g5 19.Be1 Rb8 20.Ng3 Nxg3 21.Bxg3 Rb2 22.h4 Qb6 23.hxg5 hxg5
24.f6 exf6 25.Nf5 fxe5 26.Nxg7 Kxg7 27.Qf5 Qd8 28.dxe5 Nc5 29.e6 f6 30.Rae1 Ne4
31.Bf2 Rh8 32.Rxe4 Rxf2 33.Qxf2 dxe4  1/2-1/2

[Event "Dutch Open"]
[Site "Dieren NED"]
[Date "2009.07.28"]
[Round "7"]
[White "Van Rosmalen,J"]
[Black "Wohl,A"]
[Result "0-1"]
[WhiteElo "2206"]
[BlackElo "2387"]

1.e4 g6 2.d4 Bg7 3.Nc3 a6 4.a4 d6 5.Nf3 Nd7 6.Be3 e6 7.Qd2 h6 8.Be2 Ne7 9.a5 Nf6
10.O-O Bd7 11.Qd3 g5 12.Nd2 Ng6 13.g3 e5 14.Nc4 Ng4 15.Nd5 Nxe3 16.fxe3 O-O
17.Bh5 Bb5 18.Bxg6 fxg6 19.Rxf8+ Kxf8 20.Rf1+ Kg8 21.c3 Qd7 22.dxe5 dxe5
23.Nf6+ Bxf6 24.Qxd7 Bxd7 25.Rxf6 Kg7 26.Rf2 Re8 27.Rd2 Bc6 28.Rd3 g4 29.Nd2 Kf6
30.b4 Ke6 31.Kf2 Ba4 32.c4 h5 33.Kg2 Bc2 34.Rc3 Bd1 35.Rc1 Ba4 36.Kf2 Kd6
37.Rg1 Bc6 38.Rd1 Ke7 39.Ke2 Rh8 40.Rg1 Kd6 41.Rg2 Ba4 42.Rg1 c5 43.Rb1 cxb4
44.Rxb4 Bc6 45.Kd3 h4 46.Rb1 hxg3 47.hxg3 Rh2 48.Rg1 Kc7 49.Kc3 b6 50.axb6+ Kxb6
51.Rb1+ Kc7 52.Ra1 Rg2 53.Rxa6 Rxg3 54.Kd3 Rg1 55.Ra5 Kd6 56.c5+ Kc7 57.Ke2 Rg2+
58.Ke1 g3 59.Ra7+ Kb8 60.Rg7 Bb5 61.Nf3 Re2+ 62.Kd1 Rf2 63.Rg8+ Kc7 64.Rg7+ Kd8
65.Ne1 Be2+ 66.Kc1 Bh5 67.c6 Re2  0-1

[Event "2nd Open"]
[Site "Paleohora GRE"]
[Date "2009.07.28"]
[Round "9"]
[White "Delabaca,R"]
[Black "Moradiabadi,E"]
[Result "0-1"]
[WhiteElo "2212"]
[BlackElo "2542"]

1.e4 g6 2.d4 Bg7 3.Nc3 a6 4.a4 d6 5.g3 Nc6 6.Be3 Nf6 7.h3 O-O 8.Bg2 e5 9.Nge2 exd4
10.Nxd4 Ne5 11.b3 Bd7 12.O-O Re8 13.Nde2 Qc8 14.g4 Bc6 15.Nd4 Bd7 16.Nde2 Rb8
17.Ba7 h5 18.g5 Nh7 19.Bxb8 Bxh3 20.Nf4 Bxg2 21.Kxg2 Qxb8 22.f3 Qd8 23.Nh3 Nxg5
24.Rb1 c6 25.Ng1 Nexf3 26.Rxf3 Nxf3 27.Qxf3 Qg5+ 28.Kf1 Re6  0-1

[Event "110th US Open"]
[Site "Indianapolis USA"]
[Date "2009.08.06"]
[Round "6"]
[White "Sevillano,E"]
[Black "Tate,E"]
[Result "1-0"]
[WhiteElo "2528"]
[BlackElo "2303"]


1.e4 g6 2.d4 Bg7 3.Nc3 c5 4.dxc5 Bxc3+ 5.bxc3 Qa5 6.Qd4 Nf6 7.Qb4 Qxb4 8.cxb4 a5
9.e5 Ng4 10.h3 Nxe5 11.f4 Nec6 12.b5 Nb4 13.Bb2 Nxc2+ 14.Kd2 Nxa1 15.Bxh8 f6
16.Bc4 d6 17.Nf3 Nd7 18.cxd6 Nb6 19.Bd3 Kf7 20.Rxa1 Be6 21.Re1 Nc8 22.dxe7 Nxe7
23.Rxe6 Kxe6 24.Nd4+ Kd7 25.Bxf6 Nd5 26.Be5 Rf8 27.Be4 Nxf4 28.Bxb7 Nxg2
29.Bc6+ Ke7 30.Bxg2 Rf2+ 31.Kc3 Rxg2  1-0

[Event "24th ICT Acropolis"]
[Site "Chalkida GRE"]
[Date "2009.08.10"]
[Round "1"]
[White "Klinova,M"]
[Black "Koneru,H"]
[Result "0-1"]
[WhiteElo "2312"]
[BlackElo "2623"]

1.e4 g6 2.d4 Bg7 3.Nc3 a6 4.f4 b5 5.Nf3 d6 6.Be3 Bb7 7.Bd3 Nd7 8.e5 Nh6 9.O-O Nb6
10.Qe2 e6 11.Rad1 O-O 12.Bf2 Qd7 13.a3 Rae8 14.Ng5 Nd5 15.Nxd5 exd5 16.Rde1 c5
17.c3 f6 18.Nf3 dxe5 19.fxe5 c4 20.Bc2 Ng4 21.h3 Nxf2 22.Qxf2 f5 23.Qd2 h6
24.Rf2 Qe7 25.Ref1 Bc8 26.a4 b4 27.cxb4 Be6 28.b3 cxb3 29.Bxb3 Rb8 30.Qa2 Rfd8
31.b5 axb5 32.a5 g5 33.Nh2 Qa7 34.Qd2 b4 35.g4 f4 36.Ra1 Rdc8 37.Rf3 Bxe5  0-1

[Event "43rd Open"]
[Site "Mislata ESP"]
[Date "2009.08.26"]
[Round "4"]
[White "Mellado Trivino,J"]
[Black "Sanchez Jerez,E"]
[Result "1-0"]
[WhiteElo "2417"]
[BlackElo "2212"]

1.d4 g6 2.e4 Bg7 3.Nc3 c5 4.d5 d6 5.Nf3 Nf6 6.Be2 O-O 7.O-O Bg4 8.Bf4 Nbd7
9.Qd2 Qa5 10.Rfe1 a6 11.a4 Qb4 12.Ra3 c4 13.Ra2 Rac8 14.h3 Bxf3 15.Bxf3 Rfd8
16.g4 Nc5 17.a5 Nfd7 18.Be3 e5 19.Qe2 b6 20.axb6 Nxb6 21.Bd2 Nbd7 22.Nb1 Qb7
23.Na3 f5 24.gxf5 gxf5 25.exf5 e4 26.Bg2 Re8 27.Nxc4 Qxd5 28.b3 Be5 29.Be3 Qf7
30.Rd1 d5 31.Nxe5 Nxe5 32.Ra5 Qxf5 33.Rxc5 Nf3+ 34.Bxf3 exf3 35.Qd3  1-0

[Event "74th ch-ESP Absoluto"]
[Site "Palma de Mallorca ESP"]
[Date "2009.10.01"]
[Round "6"]
[White "Ferreiro Pailos,A"]
[Black "Valmana Canto,J"]
[Result "0-1"]
[WhiteElo "2125"]
[BlackElo "2332"]

1.e4 g6 2.d4 Bg7 3.Nc3 a6 4.Be3 b5 5.a3 Bb7 6.Qd2 d6 7.f3 Nd7 8.h4 h5 9.Nh3 Ngf6
10.Be2 c5 11.O-O-O Qc7 12.Ng5 Rc8 13.dxc5 Nxc5 14.Kb1 O-O 15.Rc1 Rfd8 16.Nd5 Bxd5
17.exd5 a5 18.Bxb5 Rb8 19.c4 Nb3 20.Qd3 Nxc1 21.Rxc1 Nd7 22.a4 Nc5 23.Qc2 Qc8
24.Bd2 Ra8 25.Re1 Ra7 26.b3 Qf5 27.Qxf5 gxf5 28.Kc2 Bf6 29.Be3 Rc7 30.g3 Be5
31.Nh3 Kh7 32.Bf2 Rg8 33.Ng5+ Kg6 34.Nh3 Kh7 35.Ng5+ Kg7 36.Nh3 Kf8 37.f4 Bf6
38.Ng5 Rb7 39.Rb1 Bxg5 40.fxg5 Ne4 41.Bc6 Rb8 42.Ba7 Rb4 43.Bb5 Kg7 44.Bd4+ f6
45.gxf6+ exf6 46.Rf1 Rxb3 47.Rxf5 Rxg3 48.Rf4 Rg4 49.Rxg4+ hxg4 50.Kd3 Nc5+
51.Ke3 Kg6 52.Kf2 Kh5 53.Kg2 f5 54.Be3 Kxh4 55.Bf4 Rd8 56.Bd2 Rf8 57.Bxa5 f4
58.Be1+ g3 59.Kf3 Kh3 60.a5 Nd3  0-1

[Event "74th ch-ESP Absoluto"]
[Site "Palma de Mallorca ESP"]
[Date "2009.10.02"]
[Round "7"]
[White "Moya Albaladejo,J"]
[Black "Munar Rossello,P"]
[Result "0-1"]
[WhiteElo "1959"]
[BlackElo "2144"]

1.e4 g6 2.d4 Bg7 3.Nc3 c5 4.Nf3 cxd4 5.Nxd4 Nc6 6.Be3 Nf6 7.Bc4 O-O 8.Bb3 d6
9.f3 Bd7 10.Qd2 Ne5 11.O-O-O Rc8 12.Kb1 Nc4 13.Bxc4 Rxc4 14.g4 b5 15.b3 Rc5
16.g5 Nh5 17.Nd5 e6 18.Ne2 Rc8 19.Ndf4 Nxf4 20.Nxf4 Rc6 21.h4 b4 22.Qxb4 Qc7
23.c4 Rb8 24.Qd2 Rxc4 25.Qxd6 Ba4 26.Qxc7 Rxc7 27.Rd3 Rcb7 28.Ng2 Bb5 29.Rdd1 Be2
30.Rhf1 a5 31.Rc1 Bd3+ 32.Rc2 Bxf1  0-1

[Event "Panamericano U20"]
[Site "Montevideo URU"]
[Date "2009.10.10"]
[Round "7"]
[White "Garcia Guerrero,I"]
[Black "Uribe Arteaga,D"]
[Result "1-0"]
[WhiteElo "2156"]
[BlackElo "2264"]

1.d4 g6 2.e4 Bg7 3.Nc3 c5 4.dxc5 Qa5 5.Nf3 Qxc5 6.Nd5 Nf6 7.b4 Qc6 8.Bb5 Nxd5
9.Bxc6 dxc6 10.Bd2 Nc3 11.Qc1 Nxe4 12.Rb1 Be6 13.c4 b5 14.cxb5 Bxa2 15.Rb2 Bd5
16.bxc6 Nxc6 17.Rc2 Nd4 18.Nxd4 Bxd4 19.Be3 Be5 20.Rc8+ Kd7 21.Rxh8 Bc3+
22.Ke2 Rxh8 23.Rd1 Ke6 24.Rxd5 Kxd5 25.f3 Kc4 26.fxe4 Rd8 27.Qa3 Bxb4 28.Qxa7 Rd6
29.Qc7+ Kb3 30.e5 Re6 31.Kd3  1-0

[Event "WJun Girls"]
[Site "Puerto Madryn ARG"]
[Date "2009.10.23"]
[Round "2"]
[White "Paulet,I"]
[Black "Guo,E"]
[Result "1-0"]
[WhiteElo "2342"]
[BlackElo "1920"]

1.e4 g6 2.Nc3 Bg7 3.d4 c5 4.Nf3 cxd4 5.Nxd4 Nc6 6.Be3 d6 7.Qd2 Nf6 8.f3 O-O
9.Bc4 Nd7 10.Nd5 Nde5 11.Bb3 Nxd4 12.Bxd4 Nc6 13.Bxg7 Kxg7 14.h4 h5 15.O-O-O Be6
16.g4 Rh8 17.gxh5 gxh5 18.Rhg1+ Kf8 19.Rg3 Ke8 20.Ba4 a6 21.Qc3 Kd7 22.e5 Bxd5
23.Rxd5 b5 24.Bb3 Rc8 25.exd6 exd6 26.Qd2 Kc7 27.Rg7 Ne5 28.f4 Qf6 29.Rxe5 Qxg7
30.Qc3+ Kd7 31.Re7+ Kxe7 32.Qxg7 Rhf8 33.f5 Rc5 34.f6+ Ke8 35.Bxf7+  1-0